000
00325 a2200109 4500
001
ART_28339
005
20260410161941.0
008
260409a
245
1
0
_a
El nuevo Código Civil y comercial
100
1
_a
Rodríguez Mancini, Jorge
773
0
_t
Temas de derecho laboral
_g
- Nº 11 (nov. 2014)
_w
REV27619
999
_c
29522
_d
29522